000 00607nam a2200193Ia 4500
001 5533
008 150225s 198 ii a g b000 u 465 u
082 _a540
100 _aSegal, Bernice G. .
245 0 _aChemistry: Experience & Theory /
_cBernice G. Segal.
_hTextual Documents
250 _a2nd ed. /
260 _aNew York :
_bJohn Wiley & Sons ,
_cC 1989.
300 _axxiv, 1008p. :
_bill. ;
_c26cm .
504 _aIndex
653 _aChemistry: Experience & Theory
653 _aG -Che
856 _uAcc no 144/CHE , Chemistry: Experience & Theory Shifted From PG Sec to General
942 _2ddc
_cBK
999 _c5520
_d5520